000 00901nam a2200253 a 4500
001 1227
003 BR-CuiBMT
005 20231204234359.0
008 231201s2012 mtb 000 0 por d
040 _aBR-CuiBMT
_cBR-CuiBMT
080 _22007
_a94
_x(817.2)
090 _a94(817.2)
_bT226a
100 1 _aTaunay, Alfredo d'Escragnolle Taunay,
_cVisconde de,
_d1843-1899
245 1 2 _aA cidade do ouro e das ruínas :
_bMatto-Grosso, antiga Vila Bela, o Rio Guaporé e a sua mais ilustre vítima /
_cAlfredo D'Escragnole de Taunay.
260 _aCuiabá :
_bSEC-MT;
_bIntegrar;
_bDefanti,
_c2012.
300 _a114 p. ;
_c21 cm
490 1 _aColeção memórias históricas
650 _aHistória
_zMato Grosso
650 _aGarimpos
_xHistória
_zMato Grosso
650 _aVila Bela da Santíssma Trindade (MT)
650 _aRio Guaporé (MT)
830 0 _aMemórias históricas
942 _2udc
_cLV
999 _c1227
_d1227